Yalancı ilişkiler/ (Record no. 14055)

MARC details
000 -BAŞLIK
Sabit Uzunlukta Kontrol Alanı 00652nam a22002057a 4500
999 ## - SİSTEM KONTROL NUMARALARI (KOHA)
Koha Biblionumber 14055
Koha Biblioitemnumber 14055
003 - KONTROL NUMARASI IDENTIFIER
Denetim Alanı MIRAKIL
005 - SON İŞLEM TARİHİ VE ZAMANI
Denetim Alanı 20200916161921.0
008 - SABİT-BOY VERİ ELEMANLARI - GENEL BİLGİLER
Sabit Uzunlukta Kontrol Alanı 200916b tu ||||| |||| 00| 0 tur d
020 ## - ULUSLARARASI STANDART KİTAP NUMARASI
Uluslararası Standart Kitap Numarası 8600010432734
040 ## - KATALOGLAMA KAYNAK
Orijinal Kataloglama Ajansı TR-AnCHP
Kataloglama Dili tur
Metne Dönüştürmek Ajansı TR-AnCHP
082 ## - DEWEY ONLU SINIFLANDIRMA NUMARASI
Sınıflandırma Numarası 891.73
Ürün Numarası T64y 2004
100 ## - ANA GİRİŞ - KİŞİSEL İSİM
Kişisel Ad Tolstoy, L.N.
245 ## - BAŞLIK TABLOSU
Başlık Yalancı ilişkiler/
Sorumluluk Tablosu, Vb L.N. Tolstoy ;Türkçesi: Mustafa Bahar.
260 ## - YAYIN, DAĞITIM, VB
Yayın, Dağıtım, Vb Yeri İstanbul:
Yayıncı, Dağıtıcı, Vs Adı Kum Saati Yayınları,
Yayın, Dağıtım, Vb Tarihi 2004.
300 ## - FİZİKSEL TANIM
Kapsam 247 s.:
Boyutlar 21 sm.
490 ## - SERİSİ TABLOSU
Seri Beyanı Kum Saati Yayınları;
-- Dünya Klasikleri Dizisi;
Hacim / Ardışık Tanımı 2004.51
-- 003.043
650 ## - KONU KATMA GİRİŞ - TOPİKAL DÖNEM
Topikal Süreli Veya Coğrafi Ad Giriş Elemanı Rus edebiyatı
Genel Alt Bölümü Roman
700 ## - KATMA GİRİŞ - KİŞİSEL İSİM
Kişisel Ad Bahar, Mustafa
9 (RLIN) 6494
Relator Terim çev.
942 ## - EKLENDİ GİRİŞ ELEMANLARI (KOHA)
Sınıflandırma Veya Raf Düzeni Kaynak Dewey Decimal Classification
Koha Öğesi Türü Books
Holdings
Kalıcı Konum Mevcut Konum Edinme Tarihi Toplam Check-Out'Lar Tam Çağrı Numarası Barkod Tarih Son Görülme İtibaren Geçerli Fiyatlar Sigara Kamu Notu Koha Öğesi Türü
CHP Kütüphanesi CHP Kütüphanesi 09/16/2020   891.73 T64y 2004 019560 09/16/2020 09/16/2020 Emine Başak Alkan Bağışıdır. Books